La sombra y el tiempo, la fotografía como arte

Đã lưu trong:
Chi tiết về thư mục
Tác giả chính: Lemagny, Jean-Claude (Tác giả)
Định dạng: Sách
Ngôn ngữ:Tiếng Tây Ban Nha
Được phát hành: Buenos Aires La Marca 2008
Phiên bản:1a. ed
Loạt:Biblioteca de la Mirada
Những chủ đề:
Các nhãn: Thêm thẻ
Không có thẻ, Là người đầu tiên thẻ bản ghi này!

MARC

LEADER 00000cam a2200000 a 4500
001 UCF1538
003 CL-VaPUC
008 120711e20080000AG |||||||||||||||||spa|d
020 |a 9789508891723 
082 0 4 |a 770.1  |b LEM  |2 21 
100 0 |a Lemagny, Jean-Claude  |e author  |9 563033 
245 1 3 |a La sombra y el tiempo, la fotografía como arte 
250 |a 1a. ed 
300 |a 277 p 
942 |c BK 
945 |d 20120711 00:00:00  |a cmena 
260 |a Buenos Aires  |b La Marca  |c 2008 
650 0 |a Fotografía  |9 268495 
650 0 |a Estética   |9 264950 
650 0 |a Filosofía del arte  |9 264951 
650 0 |a Teoría del arte  |9 387638 
583 |a last modification  |c 20120711 16:46:00  |k Rodrigo Vera 
490 0 |a Biblioteca de la Mirada 
999 |c 348265  |d 348263 
952 |0 0  |1 0  |4 0  |6 770_100000000000000_LEM_2008  |7 0  |8 A  |9 450224  |a BIBART  |b BIBART  |d 2019-11-22  |i 4882199  |o 770.1 LEM 2008  |p 4882199  |r 2025-03-13  |w 2019-11-22  |y BK  |k ART